书目信息 |
| 题名: |
化工热力学
|
|
| 作者: | 高光华 , 养信 编著 | |
| 分册: | ||
| 出版信息: | 北京 清华大学出版社 2000.05 |
|
| 页数: | 271页 | |
| 开本: | 16开 | |
| 丛书名: | ||
| 单 册: | ||
| 中图分类: | TQ013.1 | |
| 科图分类: | ||
| 主题词: | 化学工业--基础理论 | |
| 电子资源: | ||
| ISBN: | 7-302-00765-9 | |
| 000 | 00775nam0 2200217 45 | |
| 001 | 0203200921 | |
| 005 | 20031219104053.7 | |
| 010 | @a7-302-00765-9@dCNY18.50 | |
| 100 | @a20020320d2000 km y0chiy0120 ea | |
| 101 | 0 | @achi |
| 105 | @a z 000yy | |
| 200 | 1 | @a化工热力学@AHua Gong Re Li Xue@FGao Guang Hua,Yang Xin Bian Zhu@e基本内容、习题详解和计算程序@EJi Ben Nei Rong、Xi Ti Xiang Jie He Ji Suan Cheng Xu@f高光华,养信编著 |
| 210 | @a北京@c清华大学出版社@d2000.05 | |
| 215 | @a271页@d16开 | |
| 517 | @a基本内容、习题详解和计算程序@AJi Ben Nei Rong、Xi Ti Xiang Jie He Ji Suan Cheng Xu | |
| 606 | 0 | @a化学工业@x基础理论 |
| 690 | @aTQ013.1@v4 | |
| 701 | @a高光华@4编著 | |
| 701 | 0 | @a养信@4编著 |
| 801 | @aCN@bTSTC@c20020320 | |
| 905 | @b306619-628@dTQ013.1@e48(+)@f10 | |
| 化工热力学:基本内容、习题详解和计算程序/高光华,养信编著.-北京:清华大学出版社,2000.05 |
| 271页;16开 |
| ISBN 7-302-00765-9:CNY18.50 |
| ● |
| 相关链接 |
|
|
|
|
正题名:化工热力学
索取号:TQ013.1/48(+)
 
预约/预借
| 序号 | 登录号 | 条形码 | 馆藏地/架位号 | 状态 | 备注 |
| 1 | 0306619 | 203066190 | 密集书库/ [索取号:TQ013.1/48(+)] | 在馆 | |
| 2 | 0306620 | 203066207 | 密集书库/ [索取号:TQ013.1/48(+)] | 在馆 | |
| 3 | 0306621 | 203066216 | 第三借阅区/ [索取号:TQ013.1/48(+)] | 在馆 | |
| 4 | 0306622 | 203066225 | 密集书库/ [索取号:TQ013.1/48(+)] | 在馆 | |
| 5 | 0306623 | 203066234 | 第三借阅区/ [索取号:TQ013.1/48(+)] | 在馆 | |
| 6 | 0306624 | 203066243 | 密集书库/ [索取号:TQ013.1/48(+)] | 在馆 | |
| 7 | 0306625 | 203066252 | 第三借阅区/ [索取号:TQ013.1/48(+)] | 在馆 | |
| 8 | 0306626 | 203066261 | 密集书库/ [索取号:TQ013.1/48(+)] | 在馆 | |
| 9 | 0306627 | 203066270 | 第三借阅区/ [索取号:TQ013.1/48(+)] | 在馆 | |
| 10 | 0306628 | 203066289 | 第二样本阅览室/ [索取号:TQ013.1/48(+)] | 在馆 |